[Event "Martinique-ch op-A 31th"]
[Site "Madiana"]
[Date "2015.05.10"]
[Round "7"]
[White "Laurent, Nicolas"]
[Black "Arsenec, Charles Andre"]
[Result "0-1"]
[WhiteElo "1374"]
[BlackElo "1313"]
[PlyCount "86"]
[EventDate "2015.05.10"]
[EventType "swiss"]
[EventRounds "7"]
[EventCountry "FRA"]
[SourceTitle "EXT 2016"]
[Source "ChessBase"]
[SourceDate "2015.10.08"]
[SourceVersion "1"]
[SourceVersionDate "2015.10.08"]
[SourceQuality "1"]

1. c4 e6 2. d4 d5 3. cxd5 exd5 4. Nc3 Nf6 5. Bg5 c6 6. Nf3 Be7 7. e3 Bg4 8. Be2 Nbd7 9. 0-0 Qc7 10. Bf4 Bd6 11. Bxd6 Qxd6 12. Ng5 Bxe2 13. Qxe2 h6 14. Nf3 0-0 15. h3 Rfe8 16. Nh4 Nb6 17. Rfe1 Ne4 18. Nxe4 Rxe4 19. Nf5 Qg6 20. Ng3 Re7 21. b3 Rc8 22. Rac1 Nd7 23. Qc2 Kh7 24. Qb2 Ra8 25. Qc2 Qxc2 26. Rxc2 Kg6 27. f3 f5 28. Rce2 Rae8 29. e4 fxe4 30. fxe4 dxe4 31. Rxe4 Rxe4 32. Rxe4 Rxe4 33. Nxe4 b5 34. Kf2 Kf5 35. Ke3 Nb6 36. g3 Nd5+ 37. Kf3 Nb4 38. a4 bxa4 39. bxa4 Nc2 40. g4+ Ke6 41. Nc5+ Kd5 42. Nb3 Nxd4+ 43. Nxd4 Kxd4 0-1